Berlin Alexanderplatz : dal romanzo di Alfred Döblin /
I tiakina i:
| Kaituhi matua: | |
|---|---|
| Ētahi atu kaituhi: | |
| Hōputu: | Pukapuka |
| Reo: | Itāriana |
| I whakaputaina: |
Torino :
ERI,
1983
|
| Rangatū: | La rete ;
32 TV/Cinema |
| Ngā Tūtohu: |
Kāore He Tūtohu, Me noho koe te mea tuatahi ki te tūtohu i tēnei pūkete!
|
MARC
| LEADER | 00000nam a22000007i 4500 | ||
|---|---|---|---|
| 001 | IT\ICCU\VEA\0031962 | ||
| 003 | ItRI | ||
| 005 | 20260115232339.0 | ||
| 008 | 921007s1983 it |||||| ||||| |||||c | ||
| 040 | |b ita |c importazione bologna sebina | ||
| 041 | 7 | |a ita |2 ISO-639-2 | |
| 100 | 1 | |a Fassbinder, Rainer Werner |0 IT\ICCU\RAVV\057361 | |
| 240 | 1 | 4 | |a Der film Berlin Alexanderplatz : ein Arbeitsjournal von Rainer Werner Fassbinder und Harry Baer |3 IT\ICCU\VEA\0031963 |9 Fassbinder, Rainer Werner |
| 245 | 1 | 0 | |a Berlin Alexanderplatz : |b dal romanzo di Alfred Döblin / |c Rainer Werner Fassbinder ; a cura di Callisto Cosulich. |
| 260 | |a Torino : |b ERI, |c 1983 | ||
| 300 | |a 522 p., [16] carte di tav. : |b ill. ; |c 23 cm | ||
| 500 | |a In appendice scheda bio-filmografica di Rainer Werner Fassbinder | ||
| 500 | |a Traduzione di Patrizia Vitti | ||
| 700 | 1 | |a Cosulich, Callisto |0 IT\ICCU\CFIV\025516 |4 edt | |
| 790 | 1 | |a Fassbinder, Werner |3 IT\ICCU\SBNV\033758 |z Fassbinder, Rainer Werner | |
| 790 | 1 | |a Fassbinder, R. W. |3 IT\ICCU\SBNV\033759 |z Fassbinder, Rainer Werner | |
| 790 | 1 | |a Fassbinder, Rainer |3 IT\ICCU\SBNV\033760 |z Fassbinder, Rainer Werner | |
| 830 | 3 | |a La rete ; |v 32 |0 IT\ICCU\CFI\0033562 | |
| 830 | 0 | |a TV/Cinema |0 IT\ICCU\LO1\0019635 | |
| 942 | |2 ddc |c BK |n 0 | ||
| 952 | |0 0 |1 0 |4 0 |6 DOC_791_437000000000000_FAS |7 0 |9 24560 |a BO |b BO |d 2026-01-15 |i 5223 |l 0 |o DOC 791.437 FAS |p BO5223 |r 2026-01-15 23:23:39 |w 2026-01-15 |x [Sebina 7] [1 v.] |y BK |z 1 v. | ||
| 999 | |c 20897 |d 20897 | ||